Peter Fox Lieder - Sudden Death - Statistiken

Allgemein
  • Dieses Quiz wurde 238 mal gespielt
  • Das Durchschnittsergebnis liegt bei 7 aus 16
Answers on the Grid
Answers color-coded by a green-red scale on the quiz's grid according to % correct below.
Alles neu
Wie weit
Ein Auge blau
Zukunft Pink
Follow
Gegengift
Stadtaffe
Ich Steine, du Steine
Fliegen
Haus am See
Toast
Traumhaft
Schüttel deinen Speck
Vielleicht
Hanaan
Kopf verloren
Nie mehr
Betonherz
Erdbeben
Marry Me
Zeit zu gehen
Vergessen wie
Zucker
Disney
Bonnie & Clyde
Tag am Meer
Lok auf 2 Beinen
Klar
 
Antwortstatistiken
Antwort % Korrekt
Alles neu
93%
Haus am See
91%
Schüttel deinen Speck
81%
Zukunft Pink
81%
Stadtaffe
80%
Lok auf 2 Beinen
45%
Kopf verloren
39%
Ein Auge blau
32%
Ich Steine, du Steine
31%
Zucker
31%
Vergessen wie
19%
Toast
16%
Gegengift
14%
Disney
9%
Marry Me
7%
Hanaan
4%
Keine übereinstimmenden Quizze gefunden
Verteilung der Resultate
Anzahl Personen mit jedem Resultat
Perzentil nach korrekt beantworteten Fragen
Ihre Resultats-Entwicklung
Sie haben dieses Quiz noch nicht gespielt